书目信息 |
| 题名: |
济公全传
|
|
| 作者: | 郭小亭 著 | |
| 分册: | ||
| 出版信息: | 济南 齐鲁书社 2008.04 |
|
| 页数: | 252页 | |
| 开本: | 21cm | |
| 丛书名: | 中国古典小说普及丛书 | |
| 单 册: | ||
| 中图分类: | I242.49 | |
| 科图分类: | ||
| 主题词: | 古典小说--gu dian xiao shuo--中国--清代 , 章回小说--zhang hui xiao shuo--中国--清代 , 长篇小说--chang pian xiao shuo--中国--清代 | |
| 电子资源: | ||
| ISBN: | 978-7-5333-0662-5 | |
| 000 | 01024nam 2200289 450 | |
| 001 | 012009828554 | |
| 005 | 20090623115724.84 | |
| 010 | @a978-7-5333-0662-5@dCNY48.00 | |
| 100 | @a20090623d2008 em y0chi0120 ea | |
| 101 | 0 | @achi |
| 102 | @aCN@b370000 | |
| 105 | @ay z 000ay | |
| 106 | @ar | |
| 200 | 1 | @a济公全传@Aji gong quan chuan@f(清) 郭小亭著@F(qing)guo xiao ting zhu |
| 205 | @a第2版 | |
| 210 | @a济南@c齐鲁书社@d2008.04 | |
| 215 | @a252页@d21cm | |
| 225 | 2 | @a中国古典小说普及丛书@Azhong guo gu dian xiao shuo pu ji cong shu |
| 330 | @a本书主要内容包括:李节度拜佛求子,真罗汉降世投胎,董士宏葬亲卖女,活罗汉解救好人,施禅机赵宅治病,说佛法暗中救人等。 | |
| 410 | 0 | @12001 @a中国古典小说普及丛书 |
| 606 | 0 | @a古典小说@Agu dian xiao shuo@y中国@z清代 |
| 606 | 0 | @a章回小说@Azhang hui xiao shuo@y中国@z清代 |
| 606 | 0 | @a长篇小说@Achang pian xiao shuo@y中国@z清代 |
| 690 | @aI242.49@v4 | |
| 701 | 0 | @a郭小亭@Aguo xiao ting@4著 |
| 801 | 0 | @aCN@bQSSK@c20090623 |
| 905 | @b747649-51@dI242.49@eG856@f3 | |
| 济公全传/(清) 郭小亭著.-第2版.-济南:齐鲁书社,2008.04 |
| 252页;21cm.-(中国古典小说普及丛书) |
| ISBN 978-7-5333-0662-5:CNY48.00 |
| 本书主要内容包括:李节度拜佛求子,真罗汉降世投胎,董士宏葬亲卖女,活罗汉解救好人,施禅机赵宅治病,说佛法暗中救人等。 |
| ● |
| 相关链接 |
|
|
|
正题名:济公全传
索取号:I242.49/G856
 
预约/预借
| 序号 | 登录号 | 条形码 | 馆藏地/架位号 | 状态 | 备注 |
| 1 | 747649 | 207476499 | 文学库108/108文学库 23排2列1层/ [索取号:I242.49/G856] | 在馆 | |
| 2 | 747650 | 207476505 | 文学库108/108文学库 23排2列1层/ [索取号:I242.49/G856] | 在馆 | |
| 3 | 747651 | 207476514 | 社科二线400B/108文学库 23排2列1层/ [索取号:I242.49/G856] | 在馆 |